Certifikácia a posudzovanie zhody vybraných výrobkov na ochranu verejného záujmu diplomová práca

Gespeichert in:
Bibliographische Detailangaben
1. Verfasser: Karchová, Simona
Körperschaft: Obchodná fakulta EU. Katedra marketingu
Weitere Verfasser: Jarossová, Malgorzata Agnieszka, 1978-
Format: Buch
Sprache:Slowakisch
Veröffentlicht: Bratislava 2022
Tags: Tag hinzufügen
Keine Tags, Fügen Sie das erste Tag hinzu!

MARC

LEADER 00000nbm a2200000 4500
001 0284190
005 20221130084828.0
041 0 |a slo 
044 |a SK 
245 1 0 |a Certifikácia a posudzovanie zhody vybraných výrobkov na ochranu verejného záujmu  |b diplomová práca  |c Simona Karchová ; školiteľ: Malgorzata Agnieszka Jarossová 
264 1 |a Bratislava  |c 2022 
300 |a 80 s. 
100 1 |a Karchová, Simona 
700 1 |a Jarossová, Malgorzata Agnieszka, 1978- 
710 2 |a Obchodná fakulta EU. Katedra marketingu